Physics. Principles with Applications /

Gespeichert in:
Bibliographische Detailangaben
1. Verfasser: Giancoli, Douglas C (Verfasst von)
Format: Buch
Sprache:Englisch
Veröffentlicht: Englewood Cliffs : Prentice Hall, 1980
Ausgabe:3.Edition
Tags: Tag hinzufügen
Keine Tags, Fügen Sie das erste Tag hinzu!

MARC

LEADER 00000nam a22000003a 4500
001 stu31585
005 20150617225736.3
008 ------s1980----xxu-----------------eng-d
020 |a 0-13-672510-4 
040 |a STU  |b slo 
041 0 |a eng 
044 |a xxu 
080 |a 530.1  |7 stu_us_auth*stu144 
100 1 |a Giancoli, Douglas C  |4 aut 
245 1 |a Physics. Principles with Applications /  |c [aut.] Giancoli,Douglas C 
250 |a 3.Edition 
260 |a Englewood Cliffs :  |b Prentice Hall,  |c 1980 
300 |a 962 s 
996 |b J90529  |c J*90529  |l JJST  |s P  |a 0  |w stu31585_0001